000 00214nam a22001217a 4500
040 _cHS
082 _a612
100 _aNA
245 _aReproductive system
260 _aNA
_bNA
_cNA
300 _aNA
942 _cEK
999 _c10300
_d10300